000 00733nam a2200229 a 4500
001 BRCA_4125
005 20190320204543.0
008 130410s1900----fr-ab#####---#000-0#fre-#
041 _afre
044 _afr
050 4 _aF1208
_b.G67 1900
100 1 _aGostkowski, G.
_910660
245 1 0 _aAu Mexique
_bétudes, notes et Renseignements utiles au capitaliste, a l´immigrant et au Touriste
_cpar G. Gostkowski.
260 _aParis
_bM. de Brunoff
_c1900
300 _a191 p.
_bil., 2 mapas plegables
_c16 cm.
500 _aIncluye tabla de materias
500 _aA la cabeza de la portada: Exposition Universelle Internationale de 1900
500 _aC152
651 4 _aMéxico
_xHistoria
_9614
902 _aGFM
942 _2lcc
_cB
999 _c3841
_d3841